Rizikové a antisociální chování v adolescenci /

Hlavní autor: Sobotková, Veronika, 1978-
Jazyk: Čeština
Vydáno: Praha : Grada, 2014
Vydání: Vyd. 1.
Edice: Psyché (Grada)
Témata:
Fyzický popis: 147 s. : il., 1 mapa ; 24 cm
Language note: Anglické resumé
Knihy
Uloženo v:
LEADER 02238nam a2200577 a 4500
001 nkc20142594036
003 CZ PrNK
005 20181114102737.0
007 ta
008 140605s2014 xr ab f 001 0 cze
015 |a cnb002594036 
020 |a 978-80-247-4042-3  |q (brož.) 
035 |a (OCoLC)886605112 
040 |a BOA001  |b cze  |d OLA001 
041 0 |a cze  |b eng 
072 7 |a 316.4/.7  |x Sociální interakce. Sociální komunikace  |2 Konspekt  |9 18 
080 |a 316.346.32-053.67  |2 MRF 
080 |a 316.346.32-053.6-056.49  |2 MRF 
080 |a 316.624  |2 MRF 
080 |a 316.614  |2 MRF 
080 |a 316.6:001.891  |2 MRF 
080 |a (048.8:082)  |2 MRF 
100 1 |a Sobotková, Veronika,  |d 1978-  |7 mzk2005274817  |4 aut 
245 1 0 |a Rizikové a antisociální chování v adolescenci /  |c Veronika Nielsen Sobotková a kolektiv 
250 |a Vyd. 1. 
260 |a Praha :  |b Grada,  |c 2014 
300 |a 147 s. :  |b il., 1 mapa ;  |c 24 cm 
490 1 |a Psyché 
504 |a Obsahuje bibliografii, bibliografické odkazy a rejstříky 
546 |a Anglické resumé 
650 0 7 |a adolescenti  |7 ph195464  |2 czenas 
650 0 7 |a rizikové chování  |7 ph126809  |2 czenas 
650 0 7 |a riziková mládež  |7 ph120218  |2 czenas 
650 0 7 |a socializace  |7 ph137463  |2 czenas 
650 0 7 |a sociálněpsychologický výzkum  |7 ph125772  |2 czenas 
650 0 9 |a adolescents  |2 eczenas 
650 0 9 |a risk behavior  |2 eczenas 
650 0 9 |a at-risk youth  |2 eczenas 
650 0 9 |a socialization  |2 eczenas 
650 0 9 |a social psychological research  |2 eczenas 
655 7 |a kolektivní monografie  |7 fd501537  |2 czenas 
655 9 |a collective monographs  |2 eczenas 
830 0 |a Psyché (Grada)  |0 s 
910 2 |a BOA001  |b 2-1257.408 
990 |a BK 
995 |a 01 
991 |b 201407  |c NOV  |e n 
996 6 |b 2610596403  |c 2-1257.408  |l MZK  |r Sklad / do 1 hodiny  |n 61  |p p.v.  |w 001433944  |u 000010  |a 1  |e BOA001  |j MZK50  |s P 
996 7 |b 2610751968  |c 2-1257.408  |l Vol.výběr  |r VV 0p  |n 19  |p kup  |h 316.3 SOB  |w 001433944  |u 000020  |a 0  |e BOA001  |j MZK50  |s A 
996 7 |b 2610751969  |c 2-1257.408  |l Vol.výběr  |r VV 0p  |n 25  |p kup  |h 316.3 SOB  |w 001433944  |u 000030  |a 0  |e BOA001  |j MZK50  |s A 
996 7 |b 2610754419  |c 2-1257.408  |l Vol.výběr  |r VV 0p  |n 18  |p kup  |h 316.3 SOB  |w 001433944  |u 000040  |a 0  |e BOA001  |j MZK50  |s A